[Event "WEM-KT 2018"]
[Site "Illertissen"]
[Date "2018.08.31"]
[Round "7"]
[White "Guenther, Stefan"]
[Black "Jooss, Achim"]
[Result "1-0"]
[WhiteElo "1907"]
[BlackElo "1749"]
[Annotator "NA RC"]
[PlyCount "53"]
[EventDate "2018.08.25"]
[EventType "tourn"]
[EventCountry "GER"]
[SourceTitle "playchess.com"]
[Source "ChessBase"]
[SourceQuality "1"]
[TimeControl "40/6000+30:3000+30"]

{[%evp 21,49,213,246,249,269,289,302,257,354,369,378,395,389,401,392,402,453,409,463,530,489,545,694,756,806,938,1335,1684,1767,1334]} 1. d4 {[%emt 0:09:34]} d5 {[%emt 0:09:47]} 2. c4 {[%emt 0:00:06]} c6 {[%emt 0:00:05]} 3. Nf3 {[%emt 0:00:04]} Nf6 {[%emt 0:00:37]} 4. g3 {[%emt 0:00:14]} e6 {[%emt 0:01:02]} 5. Bg2 {[%emt 0:00:09]} Nbd7 {[%emt 0:00:10]} 6. O-O {[%emt 0:00:20]} dxc4 {[%emt 0:00:37]} 7. Qc2 {[%emt 0:00:40] E04: Open Catalan: 5 Nf3} Bd6 {[%emt 0:00:44]} (7... b5 8. b3 cxb3 9. Qxc6 Rb8 10. axb3 Bb7 11. Qc2 Rc8 12. Qa2 Bd6 13. Bg5 O-O 14. Nbd2 Qc7 15. Qb1 a6 16. Bxf6 Nxf6 {½-½ (51) Dominguez Perez,L (2732)-Quesada Perez,Y (2631) Matanzas 2016}) 8. Nbd2 {[%emt 0:04:13]} b5 {[%emt 0:04:37]} 9. b3 {[%emt 0:12:40]} Bb7 $146 {[%emt 0:00:55]} ({Predecessor:} 9... c3 10. Qxc3 Bb7 11. e4 c5 12. Qd3 Be7 13. Qxb5 Qc8 14. Qd3 cxd4 15. e5 {1-0 (34) Tregubov,P (2615)-Gormally,D (2504) Cappelle-la-Grande 2000}) 10. bxc4 {[%emt 0:00:10]} b4 {[%emt 0:07:55]} 11. e4 {[%emt 0:08:31]} e5 {[%emt 0:03:21]} 12. c5 {[%emt 0:01:25]} Bc7 {[%emt 0:00:22] [#]} 13. d5 $1 {[%emt 0:04:02]} a5 {[%emt 0:05:47]} 14. Bb2 {[%emt 0:06:42]} O-O {[%emt 0:03:33]} 15. d6 {[%emt 0:01:10]} Bb8 {[%emt 0:00:15]} 16. Nxe5 {[%emt 0:03:50]} Ba7 {[%emt 0:00:14]} 17. Nxd7 {[%emt 0:02:54]} Nxd7 {[%emt 0:00:21]} 18. Bd4 {[%emt 0:01:18]} Qg5 {[%emt 0:00:24]} 19. f4 {[%emt 0:04:18]} Qh5 {[%emt 0:00:29]} 20. e5 {[%emt 0:02:56]} Rfe8 {[%emt 0:00:16]} 21. Rae1 {[%emt 0:04:22]} Re6 {[%emt 0:03:05]} 22. f5 {[%emt 0:04:52]} Rh6 {[%emt 0:00:09]} 23. h3 {[%emt 0:02:31]} g5 {[%emt 0:05:37]} 24. g4 {[%emt 0:05:07]} Qh4 $18 {[%emt 0:00:32]} 25. Ne4 {[%emt 0:00:10]} Ba6 {[%emt 0:14:31]} 26. Bf2 {[%emt 0:01:33]} Bxf1 {[%emt 0:00:22]} 27. Kxf1 {[%emt 0:02:48]} 1-0

[Event "WEM-KT 2018"]
[Site "Illertissen"]
[Date "2018.08.31"]
[Round "7"]
[White "Kohde, Janis"]
[Black "Schelberg, Martin"]
[Result "1-0"]
[WhiteElo "1803"]
[BlackElo "1727"]
[Annotator "NA RC"]
[PlyCount "64"]
[EventDate "2018.08.25"]
[EventType "tourn"]
[EventCountry "GER"]
[SourceTitle "playchess.com"]
[Source "ChessBase"]
[SourceQuality "1"]
[TimeControl "40/6000+30:3000+30"]

{[%evp 14,63,33,33,18,19,36,36,58,31,70,62,131,87,88,32767,32767,50,94,32767,32767,32767,32767,349,341,308,654,696,679,691,700,668,856,317,443,450,465,434,-108,674,690,413,681,762,1126,32767,32767,508,710,753,753,793]} 1. Nf3 {[%emt 0:09:34]} Nf6 {[%emt 0:09:47]} 2. e3 {[%emt 0:00:08]} g6 {[%emt 0:00:28]} 3. b3 {[%emt 0:00:07]} Bg7 {[%emt 0:00:37]} 4. Bb2 {[%emt 0:00:03]} O-O {[%emt 0:00:20]} 5. Be2 {[%emt 0:00:06]} d6 {[%emt 0:01:14]} 6. d4 {[%emt 0:02:12]} c5 {[%emt 0:03:02]} 7. O-O {[%emt 0:01:49]} Ne4 {[%emt 0:08:24]} 8. c4 {[%emt 0:03:20]} Nc6 {[%emt 0:05:48]} 9. Qc2 {[%emt 0:03:37] E60: King's Indian: Unusual lines and Fianchetto Variation without Nc3} (9. Qc1 cxd4 10. Nxd4 Nxd4 11. exd4 e5 12. Qe3 Ng5 13. dxe5 Bxe5 14. Bxe5 dxe5 15. Rd1 Qf6 16. Nc3 Ne6 {1-0 (40) Bellin,R (2355)-Rogers,J (2349) England 2011}) 9... f5 {[%emt 0:05:23]} 10. Rd1 $146 {[%emt 0:08:42]} ({Predecessor:} 10. a3 cxd4 11. exd4 Qb6 12. d5 Nd4 13. Nxd4 Bxd4 14. Bxd4 Qxd4 15. Ra2 Bd7 16. Qd3 Qb6 17. Nd2 Rac8 18. Rb2 Nf6 19. Nf3 {½-½ (19) Zachert,A (1673)-Jonas,A Germany 2002}) 10... Qc7 {[%emt 0:08:27]} 11. Nbd2 {[%emt 0:07:35]} Nb4 {[%emt 0:18:46]} 12. Qc1 $1 {[%emt 0:02:49]} Bh6 {[%emt 0:08:59]} 13. d5 {[%emt 0:10:39]} e5 {[%emt 0:09:43]} 14. dxe6 {[%emt 0:12:14]} Bxe6 {[%emt 0:04:05]} 15. a3 {[%emt 0:01:39]} Nc6 {[%emt 0:00:52]} 16. Nxe4 {[%emt 0:02:54]} fxe4 {[%emt 0:00:27]} 17. Nd2 {[%emt 0:00:22]} d5 {[%emt 0:09:48]} 18. cxd5 {[%emt 0:01:59]} Bxd5 {[%emt 0:03:05]} 19. Qxc5 {[%emt 0:02:30]} Qf7 $2 {[%emt 0:02:06] [#]} (19... Rad8 20. Nxe4 Bg7) 20. Nxe4 $1 {[%emt 0:01:12]} Bxb3 {[%emt 0:03:05]} 21. Rd3 {[%emt 0:04:29]} Be6 {[%emt 0:02:48]} 22. Nf6+ {[%emt 0:02:43]} ({Schwächer ist} 22. Qc3 Bg7 $18) 22... Kh8 {[%emt 0:01:08]} 23. Nd7+ {[%emt 0:02:53]} (23. Nh5+ $142 Kg8 24. e4) 23... Kg8 {[%emt 0:01:09]} (23... Bg7 {was necessary.} 24. Bxg7+ (24. Nxf8 Bxb2 25. Nxe6 Bxa1 $18) 24... Qxg7) 24. Nxf8 {[%emt 0:00:22]} Rxf8 {[%emt 0:00:10]} 25. Qc3 {[%emt 0:02:08]} Qxf2+ $2 {[%emt 0:01:16]} ({Better is} 25... Bg7 $18 26. Qxg7+ Qxg7 27. Bxg7 Kxg7) 26. Kh1 {[%emt 0:00:14]} Qxe2 {[%emt 0:01:32]} 27. Qh8+ {[%emt 0:01:12]} Kf7 {[%emt 0:00:12]} 28. Qf6+ {[%emt 0:01:41]} Ke8 {[%emt 0:00:14]} 29. Qxe6+ {[%emt 0:00:40]} Ne7 {[%emt 0:00:19]} 30. Qd7+ $18 {[%emt 0:01:48]} (30. Rdd1 $142 Qxb2 31. Rac1 Qxc1 32. Rxc1) 30... Kf7 {[%emt 0:00:14]} 31. Be5 {[%emt 0:02:51]} Qf2 {[%emt 0:01:30]} 32. Rdd1 {[%emt 0:00:33]} Kg8 {[%emt 0:00:00]} 1-0

[Event "WEM-KT 2018"]
[Site "Illertissen"]
[Date "2018.08.31"]
[Round "7"]
[White "Seidler, Ottmar"]
[Black "Wolf, Rainer"]
[Result "0-1"]
[WhiteElo "1706"]
[BlackElo "2044"]
[Annotator "NA RC"]
[PlyCount "52"]
[EventDate "2018.08.25"]
[EventType "tourn"]
[EventCountry "GER"]
[SourceTitle "playchess.com"]
[Source "ChessBase"]
[SourceQuality "1"]
[TimeControl "40/6000+30:3000+30"]

{[%evp 15,49,0,0,0,7,-2,0,-2,-2,-1,-4,-7,-7,-18,-7,-20,14,-40,-44,-63,-52,-141,32767,-293,-297,32767,-491,-602,-245,-258,-253,-261,-256,-29988,-29990,-29992]} 1. d4 {[%emt 0:09:36]} Nf6 {[%emt 0:09:47]} 2. c4 {[%emt 0:00:19]} e6 {[%emt 0:00:20]} 3. Nf3 {[%emt 0:00:26]} b6 {[%emt 0:00:51]} 4. Nc3 {[%emt 0:01:30]} Bb7 {[%emt 0:00:13]} 5. e3 {[%emt 0:02:19]} Be7 {[%emt 0:00:42]} 6. Be2 {[%emt 0:01:38]} O-O {[%emt 0:00:37]} 7. O-O {[%emt 0:00:04]} d5 {[%emt 0:02:31]} 8. cxd5 {[%emt 0:02:49]} exd5 {[%emt 0:01:27]} 9. b3 {[%emt 0:01:18] E14: Queen's Indian: Classical Variation (4 e3)} Nbd7 {[%emt 0:01:43]} 10. Bb2 {[%emt 0:00:30]} a6 {[%emt 0:01:23]} 11. Rc1 {[%emt 0:00:47]} Bd6 {[%emt 0:00:49]} 12. Bd3 {[%emt 0:06:48]} Re8 {[%emt 0:02:53]} 13. Qc2 {[%emt 0:02:19] LiveBook: 8 Games} (13. Ne2 Ne4 14. Ng3 g6 15. Qc2 Qe7 16. Ne5 Nxg3 17. hxg3 Nf6 18. Qe2 {½-½ (24) Malakhov,V (2690)-Wang,H (2690) China 2017}) 13... Ne4 {[%emt 0:04:19]} 14. a3 {[%emt 0:07:35]} Re6 $146 {[%emt 0:10:44]} ({Predecessor:} 14... Ndf6 15. Ne5 Nxc3 16. Qxc3 c5 17. Qc2 Qe7 18. Nf3 Ne4 19. dxc5 bxc5 {½-½ (60) Thuerauf,P (1917)-Osmanovic,F (2096) Nuremberg 2009}) 15. b4 {[%emt 0:06:39]} b5 {[%emt 0:11:52]} 16. Qe2 {[%emt 0:11:54]} Qe7 {[%emt 0:08:31]} 17. Rce1 {[%emt 0:12:23]} Re8 {[%emt 0:02:30]} 18. Nd1 {[%emt 0:00:46]} (18. g3 $15) 18... Rh6 {[%emt 0:14:12]} 19. g3 $2 {[%emt 0:04:01] [#]} (19. h3 $17) 19... Qe6 $1 {[%emt 0:06:28]} 20. Bxe4 {[%emt 0:07:15]} dxe4 {[%emt 0:00:15]} ({Weaker is} 20... Qxe4 21. Bc3 $17) 21. Nd2 {[%emt 0:08:26]} Bd5 {[%emt 0:04:15]} (21... Qh3 $142 {[%csl Gh6][%cal Rh3h2]} 22. f4 exf3 23. Rxf3 Bxf3 24. Nxf3 {[#]} Bxg3 $1 {[%mdl 512]} 25. hxg3 Rg6) 22. Nc3 {[%emt 0:03:12]} Qh3 {[%emt 0:03:10]} 23. f4 {[%emt 0:03:50]} exf3 $1 {[%emt 0:00:30]} 24. Qf2 $2 {[%emt 0:07:20]} (24. Nxf3 $19 Bc4 25. Qg2) 24... Rg6 {[%emt 0:02:14]} 25. Nxd5 {[%emt 0:02:46]} Bxg3 {[%emt 0:00:28]} 26. Nf4 {[%emt 0:01:03]} Bxh2+ {[%emt 0:00:42]} 0-1

[Event "WEM-KT 2018"]
[Site "Illertissen"]
[Date "2018.09.01"]
[Round "8"]
[White "Namyslo, Holger"]
[Black "Laengl, Juergen"]
[Result "1/2-1/2"]
[WhiteElo "2275"]
[BlackElo "2223"]
[Annotator "NA"]
[PlyCount "81"]
[EventDate "2018.08.25"]
[EventType "tourn"]
[EventCountry "GER"]
[SourceTitle "playchess.com"]
[Source "ChessBase"]
[SourceQuality "1"]
[TimeControl "40/6000+30:3000+30"]

1. e4 {[%emt 0:09:33]} e6 {[%emt 0:09:36]} 2. d4 {[%emt 0:00:05]} d5 {[%emt 0:00:07]} 3. Nc3 {[%emt 0:00:03]} Bb4 {[%emt 0:00:09]} 4. e5 {[%emt 0:00:05]} Ne7 {[%emt 0:00:17]} 5. a3 {[%emt 0:01:01]} Bxc3+ {[%emt 0:00:09]} 6. bxc3 {[%emt 0:00:06]} c5 {[%emt 0:00:11]} 7. Qg4 {[%emt 0:00:04]} O-O {[%emt 0:00:16]} 8. Bd3 {[%emt 0:00:32] LiveBook: 2001 Games} Nbc6 {[%emt 0:00:26]} 9. Qh5 {[%emt 0:04:24]} Nf5 {[%emt 0:20:03]} 10. Nf3 {[%emt 0:13:27] C18: French: 3 Nc3 Bb4: Main line: 7 h4 and 7 Qg4} f6 {[%emt 0:23:35]} (10... c4 11. g4 g6 12. Qh3 cxd3 13. gxf5 exf5 14. Bg5 f4 15. Qh6 f6 16. Bxf6 Rxf6 17. exf6 Qxf6 18. cxd3 {1-0 (50) Borzenko,A (2533)-Belchev,B (2352) ICCF email 2011}) 11. g4 {[%emt 0:29:15]} fxe5 {[%emt 0:00:34]} 12. gxf5 {[%emt 0:13:59]} e4 {[%emt 0:01:59]} 13. Ng5 {[%emt 0:01:38]} h6 {[%emt 0:00:58]} 14. Nxe4 {[%emt 0:04:42]} dxe4 {[%emt 0:00:11]} 15. Rg1 {[%emt 0:07:56]} Qf6 $146 {[%emt 0:10:28]} ({Predecessor:} 15... Qe7 16. Bc4 e3 17. Bxe3 Na5 18. Bxh6 Rf7 19. fxe6 {1-0 (19) McDonald,G-Malmstroem,J LSS email 2007}) 16. Bc4 {[%emt 0:07:18]} Qxf5 {[%emt 0:05:10]} 17. Qxf5 {[%emt 0:00:23]} Rxf5 {[%emt 0:00:49]} 18. Bxh6 {[%emt 0:00:01]} Kh7 {[%emt 0:04:01]} 19. Be3 {[%emt 0:04:29]} cxd4 {[%emt 0:05:40]} 20. cxd4 {[%emt 0:00:33]} e5 {[%emt 0:01:01]} 21. Rd1 {[%emt 0:03:58]} Bd7 {[%emt 0:16:28]} 22. Rg4 {[%emt 0:03:43]} Rh5 {[%emt 0:00:44]} 23. Rg2 {[%emt 0:00:28]} exd4 {[%emt 0:01:10]} 24. Bxd4 {[%emt 0:00:08]} Nxd4 {[%emt 0:00:08]} 25. Rxd4 {[%emt 0:00:01]} Bc6 {[%emt 0:00:14]} 26. Rd6 {[%emt 0:00:36]} Rh6 {[%emt 0:02:48]} 27. Rxh6+ {[%emt 0:00:16]} Kxh6 {[%emt 0:00:21]} 28. Rg3 {[%emt 0:00:20]} Rc8 {[%emt 0:00:32]} 29. Be6 {[%emt 0:00:10]} Re8 {[%emt 0:00:38]} 30. Bf5 {[%emt 0:00:18]} Re5 {[%emt 0:00:46]} 31. Bg4 {[%emt 0:01:12]} Rc5 {[%emt 0:01:00]} 32. Bd1 {[%emt 0:00:02]} Ba4 {[%emt 0:01:27]} 33. Kd2 {[%emt 0:00:23]} Rd5+ {[%emt 0:00:21]} 34. Kc1 {[%emt 0:00:07]} Rf5 {[%emt 0:00:07]} 35. f3 {[%emt 0:02:27]} e3 {[%emt 0:01:33]} 36. f4 {[%emt 0:00:09]} Rxf4 {[%emt 0:00:17]} 37. Rxe3 {[%emt 0:00:01]} Rh4 {[%emt 0:00:38]} 38. Re6+ $11 {[%emt 0:02:31]} Kh7 {[%emt 0:00:10]} 39. Re2 {[%emt 0:01:19]} Rh3 {[%emt 0:00:14]} 40. Kb2 {[%emt 0:00:16]} Bc6 {[%emt 0:01:07]} 41. Rf2 {[%emt 0:50:55]} 1/2-1/2

[Event "WEM-KT 2018"]
[Site "Illertissen"]
[Date "2018.09.01"]
[Round "8"]
[White "Maisch, Julian"]
[Black "Anistratov, Dmitriy"]
[Result "0-1"]
[WhiteElo "2216"]
[BlackElo "2279"]
[Annotator "NA"]
[PlyCount "62"]
[EventDate "2018.08.25"]
[EventType "tourn"]
[EventCountry "GER"]
[SourceTitle "playchess.com"]
[Source "ChessBase"]
[SourceQuality "1"]
[TimeControl "40/6000+30:3000+30"]

1. e4 {[%emt 0:09:33]} d6 {[%emt 0:09:36]} 2. d4 {[%emt 0:00:04]} Nf6 {[%emt 0:00:03]} 3. Nc3 {[%emt 0:00:04]} e5 {[%emt 0:00:06]} 4. Nf3 {[%emt 0:00:04]} Nbd7 {[%emt 0:00:06]} 5. Bc4 {[%emt 0:03:12]} Be7 {[%emt 0:00:13] LiveBook: 7187 Games} 6. O-O {[%emt 0:01:04]} O-O {[%emt 0:00:03]} 7. Qe2 {[%emt 0:02:48]} c6 {[%emt 0:00:39]} 8. d5 {[%emt 0:03:48] C41: Philidor Defence} (8. a4 exd4 9. Nxd4 Re8 10. Ba2 Bf8 11. f3 d5 12. Qf2 c5 13. Nf5 d4 14. Nd5 Nxd5 15. Qg3 Ne5 16. Nh6+ Kh8 17. Qxe5 {1-0 (17) Savchenko,B (2638)-Yudin,S (2573) Moscow 2010}) 8... Qc7 {[%emt 0:02:26]} 9. Rd1 {[%emt 0:03:27]} Nb6 $146 {[%emt 0:09:36]} ({Predecessor:} 9... b5 10. Bb3 b4 11. dxc6 bxc3 12. cxd7 Bxd7 13. bxc3 Qxc3 14. Ba3 Qc6 15. Nxe5 dxe5 16. Bxe7 Nxe4 17. Bxf8 Nc3 18. Qxe5 Nxd1 19. Qxg7# {1-0 (19) Usarova,E (1522)-Dziendziel,M (1246) Liptovsky Mikulas 2017}) 10. Bb3 {[%emt 0:02:30]} cxd5 {[%emt 0:01:48]} 11. exd5 {[%emt 0:04:34]} a6 {[%emt 0:15:04]} 12. h3 {[%emt 0:11:54]} Nbd7 {[%emt 0:07:05]} 13. Nh2 {[%emt 0:02:04]} Nc5 {[%emt 0:00:55]} 14. Ng4 {[%emt 0:01:47]} Nxg4 {[%emt 0:02:34]} 15. hxg4 {[%emt 0:02:39]} f5 {[%emt 0:00:35]} 16. gxf5 {[%emt 0:01:04]} Bxf5 {[%emt 0:00:11]} 17. Be3 {[%emt 0:02:33]} Rf6 {[%emt 0:06:54]} 18. Bc4 {[%emt 0:10:23]} Raf8 $17 {[%emt 0:05:32]} 19. f3 {[%emt 0:18:03]} Rg6 {[%emt 0:02:07]} 20. Kh1 {[%emt 0:09:23]} e4 {[%emt 0:11:43]} 21. Rd4 {[%emt 0:06:56]} b5 {[%emt 0:09:27]} 22. Bb3 {[%emt 0:01:42]} exf3 {[%emt 0:03:49]} 23. gxf3 {[%emt 0:00:01]} Bf6 {[%emt 0:00:28]} 24. Rdd1 {[%emt 0:02:48]} Be5 {[%emt 0:01:10]} 25. Rg1 {[%emt 0:03:09]} Bg3 {[%emt 0:01:07]} 26. Rg2 {[%emt 0:02:19]} Bh3 {[%emt 0:01:30]} 27. Rag1 {[%emt 0:00:42]} Bxg2+ {[%emt 0:00:11]} 28. Rxg2 {[%emt 0:00:01]} Re8 {[%emt 0:01:35]} 29. Ne4 {[%emt 0:01:20]} Nxe4 {[%emt 0:00:37]} 30. fxe4 {[%emt 0:00:01]} Rxe4 {[%emt 0:00:29]} 31. Qf3 {[%emt 0:00:26]} Qe7 {[%emt 0:00:49]} 0-1

[Event "WEM-KT 2018"]
[Site "Illertissen"]
[Date "2018.09.01"]
[Round "8"]
[White "Schulz, Volker"]
[Black "Kohde, Janis"]
[Result "0-1"]
[WhiteElo "2169"]
[BlackElo "1803"]
[Annotator "NA"]
[PlyCount "95"]
[EventDate "2018.08.25"]
[EventType "tourn"]
[EventCountry "GER"]
[SourceTitle "playchess.com"]
[Source "ChessBase"]
[SourceQuality "1"]
[TimeControl "40/6000+30:3000+30"]

1. e4 {[%emt 0:09:32]} Nf6 {[%emt 0:09:38]} 2. Nc3 {[%emt 0:00:51]} e5 {[%emt 0:00:30]} 3. Nf3 {[%emt 0:00:23]} Nc6 {[%emt 0:00:06]} 4. Bc4 {[%emt 0:02:09]} Nxe4 {[%emt 0:00:10]} 5. Nxe4 {[%emt 0:00:10]} d5 {[%emt 0:00:02]} 6. Qe2 {[%emt 0:03:00]} dxc4 {[%emt 0:02:47]} 7. Qxc4 {[%emt 0:00:10]} Be7 {[%emt 0:01:32]} 8. Qb5 {[%emt 0:03:59]} O-O {[%emt 0:02:50]} 9. O-O {[%emt 0:02:05]} f5 {[%emt 0:08:59]} 10. Nc3 {[%emt 0:03:47]} e4 {[%emt 0:02:51]} 11. Ne5 {[%emt 0:01:24] [#]} Nd4 $1 {[%emt 0:06:17]} 12. Qa4 {[%emt 0:00:56]} Rf6 {[%emt 0:05:24]} (12... c6 $142 13. Nxc6 bxc6) 13. Nb5 {[%emt 0:02:22]} Ne2+ {[%emt 0:17:14]} 14. Kh1 {[%emt 0:00:04]} Be6 {[%emt 0:02:43]} 15. d3 $19 {[%emt 0:07:50]} Qd5 {[%emt 0:08:20]} 16. Nc4 {[%emt 0:19:27]} exd3 {[%emt 0:03:17]} 17. Nxc7 {[%emt 0:04:18]} Qxc4 {[%emt 0:00:18]} 18. Qxc4 {[%emt 0:00:09]} Bxc4 {[%emt 0:00:07]} 19. Nxa8 {[%emt 0:00:06]} Nxc1 {[%emt 0:05:58]} 20. Rfxc1 {[%emt 0:00:26]} d2 {[%emt 0:00:35]} 21. Rd1 {[%emt 0:03:29]} Rd6 {[%emt 0:03:09]} 22. g3 {[%emt 0:10:24]} Be2 {[%emt 0:05:50]} 23. Nc7 {[%emt 0:01:13]} Kf7 {[%emt 0:02:20]} 24. a4 {[%emt 0:02:47]} a6 {[%emt 0:02:46]} 25. a5 {[%emt 0:09:21]} Bd8 {[%emt 0:02:04]} 26. Na8 {[%emt 0:00:12]} Bxd1 {[%emt 0:00:11]} 27. Rxd1 {[%emt 0:00:02]} Bxa5 {[%emt 0:00:11]} 28. c3 {[%emt 0:00:20]} Ke7 {[%emt 0:00:31]} 29. b4 {[%emt 0:00:24]} Bd8 {[%emt 0:00:12]} 30. c4 {[%emt 0:00:14]} Kd7 {[%emt 0:00:54]} 31. c5 {[%emt 0:00:41]} Rd5 {[%emt 0:00:28]} 32. Kg2 {[%emt 0:00:08]} Kc8 {[%emt 0:01:10]} 33. Kf3 {[%emt 0:00:21]} Kb8 {[%emt 0:00:22]} 34. Nb6 {[%emt 0:00:51]} Bxb6 {[%emt 0:00:12]} 35. cxb6 {[%emt 0:00:04]} Kc8 {[%emt 0:00:11]} 36. h3 {[%emt 0:09:44]} Kd7 {[%emt 0:00:12]} 37. Ke3 {[%emt 0:00:53]} Kc6 {[%emt 0:00:06]} 38. Rxd2 {[%emt 0:00:06]} Rxd2 {[%emt 0:00:01]} 39. Kxd2 {[%emt 0:00:07]} Kxb6 {[%emt 0:00:07]} 40. g4 {[%emt 0:00:51]} f4 {[%emt 0:02:36]} 41. Kc3 {[%emt 0:50:42]} Kb5 {[%emt 0:50:23]} 42. Kb3 {[%emt 0:00:13]} b6 {[%emt 0:00:14]} 43. h4 {[%emt 0:00:20]} a5 {[%emt 0:00:16]} 44. bxa5 {[%emt 0:00:05]} bxa5 {[%emt 0:00:01]} 45. g5 {[%emt 0:01:49]} a4+ {[%emt 0:00:17]} 46. Ka3 {[%emt 0:00:05]} Kc4 {[%emt 0:00:57]} 47. h5 {[%emt 0:00:29]} Kd3 {[%emt 0:00:07]} 48. g6 {[%emt 0:00:17]} 0-1

[Event "WEM-KT 2018"]
[Site "Illertissen"]
[Date "2018.09.01"]
[Round "8"]
[White "Engelhart, Achim, Dr."]
[Black "Guenther, Stefan"]
[Result "1/2-1/2"]
[WhiteElo "2126"]
[BlackElo "1907"]
[Annotator "NA"]
[PlyCount "83"]
[EventDate "2018.08.25"]
[EventType "tourn"]
[EventCountry "GER"]
[SourceTitle "playchess.com"]
[Source "ChessBase"]
[SourceQuality "1"]
[TimeControl "40/6000+30:3000+30"]

1. e4 {[%emt 0:09:32]} d6 {[%emt 0:09:49]} 2. d4 {[%emt 0:00:07]} Nf6 {[%emt 0:00:06]} 3. Nc3 {[%emt 0:00:07]} g6 {[%emt 0:00:07]} 4. f4 {[%emt 0:00:06]} Bg7 {[%emt 0:00:55]} 5. Nf3 {[%emt 0:00:06]} c5 {[%emt 0:00:36]} 6. Bb5+ {[%emt 0:00:07]} Bd7 {[%emt 0:00:30]} 7. e5 {[%emt 0:00:15] LiveBook: 688 Games} Ng4 {[%emt 0:01:43]} 8. Bxd7+ {[%emt 0:00:33]} Qxd7 {[%emt 0:00:32]} 9. h3 {[%emt 0:00:09] B09: Pirc-Ufimzew-Verteidigung (Dreibauernangriff)} (9. d5 dxe5 10. h3 e4 11. Nxe4 Nf6 12. Nxf6+ Bxf6 13. O-O O-O 14. c4 e6 15. Be3 exd5 16. cxd5 Rd8 17. Qc2 Na6 18. Rad1 Nb4 19. Qxc5 Nxd5 20. Bd4 Rac8 21. Qa3 Qf5 22. Bxf6 Qxf6 23. Qxa7 Nxf4 24. Rxd8+ Rxd8 {½-½ (51) Mamedov,R (2704)-Carlsen,M (2843) Shamkir 2018}) 9... cxd4 {[%emt 0:00:41]} 10. Qxd4 {[%emt 0:00:09]} Nc6 {[%emt 0:01:03]} 11. Qe4 {[%emt 0:00:25]} Nh6 {[%emt 0:04:46]} 12. g4 {[%emt 0:00:50]} O-O-O {[%emt 0:07:53]} 13. Qe2 {[%emt 0:04:06]} dxe5 {[%emt 0:01:10]} 14. fxe5 {[%emt 0:00:07]} Qe6 {[%emt 0:16:30]} 15. Bd2 {[%emt 0:06:10]} Nxe5 $146 {[%emt 0:00:24]} ({Vorgänger:} 15... f6 16. O-O-O Nf7 {1-0 (76) Cuenca Jimenez,J (2516)-Valdes Romero,L (2362) Berlin 2015}) ({Black should play} 15... f5 $11) 16. Nxe5 {[%emt 0:00:39]} Rxd2 {[%emt 0:07:20]} 17. Kxd2 {[%emt 0:21:02]} Bxe5 {[%emt 0:00:52]} 18. Kc1 {[%emt 0:05:15]} f5 {[%emt 0:04:55]} 19. Re1 {[%emt 0:11:47]} Nf7 {[%emt 0:03:30]} 20. a4 {[%emt 0:01:02]} Rd8 $16 {[%emt 0:06:58]} ({Lieber} 20... Bf4+ $14 21. Kb1 Qxe2 22. Rxe2 (22. Nxe2 Bd6 $14) 22... Be5) 21. a5 {[%emt 0:05:37]} Rd4 {[%emt 0:07:17]} 22. a6 {[%emt 0:03:24]} Bf4+ {[%emt 0:02:02]} 23. Kb1 {[%emt 0:00:15]} Qxe2 {[%emt 0:00:05]} 24. axb7+ {[%emt 0:01:11]} Kxb7 {[%emt 0:01:21]} 25. Rxe2 {[%emt 0:04:30]} e5 {[%emt 0:00:28]} 26. Ra4 {[%emt 0:02:18]} Rxa4 {[%emt 0:03:09]} 27. Nxa4 {[%emt 0:00:01]} Kc6 {[%emt 0:02:59]} 28. c4 {[%emt 0:01:27]} Ng5 {[%emt 0:00:43]} 29. gxf5 {[%emt 0:06:50]} gxf5 {[%emt 0:00:34]} 30. b4 {[%emt 0:01:32]} e4 {[%emt 0:04:47]} 31. Nc3 {[%emt 0:01:57]} Be5 {[%emt 0:05:50]} 32. h4 {[%emt 0:08:09]} Bxc3 {[%emt 0:00:49]} 33. hxg5 {[%emt 0:00:06]} Bxb4 {[%emt 0:00:34]} 34. Kc2 {[%emt 0:02:09]} Bd6 {[%emt 0:05:03]} 35. Re1 {[%emt 0:01:51]} Kc5 {[%emt 0:01:47]} 36. Rh1 {[%emt 0:01:13]} Bf4 {[%emt 0:03:58]} 37. Rf1 {[%emt 0:08:15]} Be3 {[%emt 0:00:15]} 38. Rxf5+ {[%emt 0:00:04]} Kxc4 {[%emt 0:00:13]} 39. Re5 {[%emt 0:03:06]} Kd4 {[%emt 0:01:08]} 40. Ra5 {[%emt 0:00:09]} Kc4 {[%emt 0:01:45]} 41. Re5 {[%emt 0:50:58]} Kd4 {[%emt 0:51:26]} 42. Ra5 {[%emt 0:00:03]} 1/2-1/2

[Event "WEM-KT 2018"]
[Site "Illertissen"]
[Date "2018.09.01"]
[Round "8"]
[White "Jakob, Georg"]
[Black "Bossinger, Patrick"]
[Result "0-1"]
[WhiteElo "2084"]
[BlackElo "2039"]
[Annotator "NA"]
[PlyCount "52"]
[EventDate "2018.08.25"]
[EventType "tourn"]
[EventCountry "GER"]
[SourceTitle "playchess.com"]
[Source "ChessBase"]
[SourceQuality "1"]
[TimeControl "40/6000+30:3000+30"]

1. e4 {[%emt 0:09:32]} e5 {[%emt 0:09:43]} 2. Nf3 {[%emt 0:00:04]} Nc6 {[%emt 0:00:07]} 3. Bb5 {[%emt 0:00:07]} a6 {[%emt 0:00:10]} 4. Ba4 {[%emt 0:00:04]} Nf6 {[%emt 0:00:06]} 5. O-O {[%emt 0:00:23]} b5 {[%emt 0:00:23]} 6. Bb3 {[%emt 0:00:05]} Be7 {[%emt 0:00:15]} 7. Re1 {[%emt 0:00:17]} O-O {[%emt 0:00:13]} 8. d3 {[%emt 0:00:04]} d6 {[%emt 0:01:03]} 9. c3 {[%emt 0:00:06]} Na5 {[%emt 0:00:08]} 10. Bc2 {[%emt 0:00:06]} c5 {[%emt 0:00:11]} 11. Nbd2 {[%emt 0:00:04]} Re8 {[%emt 0:00:39] LiveBook: 622 Games} 12. Nf1 {[%emt 0:00:20]} Bf8 {[%emt 0:00:48]} 13. Ne3 {[%emt 0:02:49]} g6 {[%emt 0:02:54]} 14. h3 {[%emt 0:01:40]} Bg7 {[%emt 0:00:30] C90: Spanische Partie (Abweichungen von der Hauptvariante)} (14... Nc6 15. Nh2 Be6 16. Qf3 Bg7 17. Nhg4 Nxg4 18. hxg4 f6 19. g3 Ne7 20. Bb3 Qd7 21. Kg2 a5 22. Bxe6+ Qxe6 23. Rh1 Rf8 24. Rh2 Rf7 {0-1 (43) Gomez,J (2519)-Efimenko,Z (2680) Al Ain 2008}) 15. a3 {[%emt 0:17:22]} Qc7 $146 {[%emt 0:05:32]} ({Vorgänger:} 15... Ra7 16. b4 Nc6 17. Nd5 Nxd5 18. exd5 Ne7 19. Bb3 {1-0 (19) Miranda,R (2085)-Olivera,H (2243) Buenos Aires 2013}) 16. Nh2 {[%emt 0:10:17]} Bb7 {[%emt 0:09:37]} 17. b4 {[%emt 0:02:40]} Nc6 {[%emt 0:06:30]} 18. Nhg4 {[%emt 0:00:34]} Nxg4 {[%emt 0:03:26]} 19. hxg4 {[%emt 0:01:56]} Ne7 $11 {[%emt 0:03:35]} 20. Qf3 {[%emt 0:11:45]} cxb4 {[%emt 0:04:42]} 21. cxb4 {[%emt 0:04:19]} Qc3 {[%emt 0:03:23]} 22. Bd2 {[%emt 0:11:54]} Qxd2 {[%emt 0:00:23]} 23. Bb3 {[%emt 0:00:47]} Rf8 {[%emt 0:03:26]} 24. Rec1 {[%emt 0:01:15]} Rac8 {[%emt 0:03:08]} 25. Bc4 {[%emt 0:02:39]} bxc4 {[%emt 0:02:52]} 26. Rc2 {[%emt 0:01:53]} Qxd3 {[%emt 0:00:54]} 0-1